| 000 | 01656cam a2200397 a 4500 | ||
|---|---|---|---|
| 001 | useyourheaddear00alik | ||
| 003 | CaSfIA | ||
| 005 | 20210119105358.0 | ||
| 007 | cr|||| | ||
| 008 | 820630s1983 nyua j 000 1 eng | ||
| 010 | _a 82011911 | ||
| 040 |
_aDLC _cDLC _dOCL _dBAKER _dBTCTA _dYDXCP _dGRR _dCaSfIA |
||
| 020 |
_a0688018114 : _c$8.50 |
||
| 020 | _a9780688018115 | ||
| 020 |
_a0688018122 (lib. bdg.) : _c$7.63 |
||
| 020 | _a9780688018122 (lib. bdg.) | ||
| 035 | _a(OCoLC)8627014 | ||
| 042 | _alcac | ||
| 050 | 0 | 0 |
_aPZ7.A397 _bUs 1983 |
| 082 | 1 | 4 |
_a[E] _219 |
| 100 | 0 | _aAliki. | |
| 245 | 1 | 0 |
_aUse your head, dear / _h[electronic resource] _cby Aliki. |
| 250 | _a1st ed. | ||
| 260 |
_aNew York : _bGreenwillow Books, _cc1983. |
||
| 300 |
_a[48] p. : _bcol. ill. ; _c25 cm. |
||
| 520 | _aCharles, a young alligator, means well, but gets things mixed up until his father gives him an invisible thinking cap for his birthday. | ||
| 650 | 1 |
_aAlligators _vFiction. |
|
| 650 | 0 |
_aAlligators _vJuvenile fiction. |
|
| 856 | 4 | 1 |
_uhttp://www.archive.org/details/useyourheaddear00alik _zFree eBook from the Internet Archive |
| 856 | 4 | 2 |
_uhttp://www.openlibrary.org/books/OL3492068M _zAdditional information and access via Open Library |
| 029 | 1 |
_aNZ1 _b2697322 |
|
| 029 | 1 |
_aAU@ _b000002264533 |
|
| 942 | _cEB | ||
| 506 | _fНеобхідна авторизація на https://archive.org/ (створення облікового запису безкоштовно) | ||
| 506 | _fНеобхідна авторизація на https://openlibrary.org/ (створення облікового запису безкоштовно) | ||
| 999 |
_c561578 _d561578 |
||